PISA; Power, and policy: the emergence of global educational governance
Αποθηκεύτηκε σε:
| Κύριοι συγγραφείς: | , |
|---|---|
| Μορφή: | Βιβλίο |
| Γλώσσα: | Αγγλικά |
| Έκδοση: |
Oxford
Symposium Books
2013
|
| Έκδοση: | 1a. ed |
| Θέματα: | |
| Ετικέτες: |
Προσθήκη ετικέτας
Δεν υπάρχουν, Καταχωρήστε ετικέτα πρώτοι!
|
MARC
| LEADER | 00000cam a2200000 a 4500 | ||
|---|---|---|---|
| 001 | UCD4508 | ||
| 003 | CL-VaPUC | ||
| 008 | 160713e20130000uk |||||||||||||||||eng|d | ||
| 020 | |a 9781873927960 | ||
| 082 | 0 | 4 | |a 371.26 |b MEY |2 21 |
| 100 | |a Meyer, Hanz-Dieter |e autor |9 588222 | ||
| 700 | 0 | |a Benavot, Aaron |e author |9 588223 | |
| 245 | 1 | 0 | |a PISA; Power, and policy: the emergence of global educational governance |
| 250 | |a 1a. ed | ||
| 300 | |a 335 p | ||
| 942 | |c BK | ||
| 945 | |d 20160713 20:53:00 |a dcastane | ||
| 260 | |a Oxford |b Symposium Books |c 2013 | ||
| 650 | 7 | |a EVALUACION DE PROGRAMAS |2 CL-VaPUC |9 351055 | |
| 650 | 0 | |a Evaluación de la educación |9 237505 | |
| 650 | 0 | |a Competencias |9 341916 | |
| 650 | 0 | |a Aprendizaje |9 254827 | |
| 583 | |a last modification |c 20160805 03:38:55 |k Rodrigo Vera | ||
| 999 | |c 365402 |d 365400 | ||
| 952 | |0 0 |1 0 |3 erb |4 0 |6 371_260000000000000_MEY_2013 |7 0 |8 A |9 479259 |a FDOPOS |b FDOPOS |i 5296722 |o 371.26 MEY 2013 |p 5296722 |r 2025-01-22 |w 2019-11-24 |y BK |z Catalogado en:20160713 |k MED | ||